Psychomotorický vývoj sluchově postižených dětí v předškolním věku / Zuzana Půstová
Record details
- ISBN: 80-7216-022-2
- Physical Description: 32 s. ; 21 cm
- Edition: 1. vyd.
- Publisher: Praha : Septima, 1997
Content descriptions
| Target Audience Note: | Metodická příručka pro učitele |
Search for related items by subject
| Subject: | psychomotorické hry děti se sluchovým postižením vývoj dítěte perceptual-motor training hearing impaired children child development |
| Genre: | příručky handbooks and manuals |
Available copies
- 2 of 2 copies available at Common Catalog SPOK.
Holds
- 0 current holds with 2 total copies.
Show Only Available Copies
| Location | Call Number / Copy Notes | Barcode | Shelving Location | Status | Due Date |
|---|---|---|---|---|---|
| Jabok Library | PeS-5.2/P | 424480001608 | Odborná literatura | Available | - |
| Jabok Library | PeS-5.2/P | 424480036147 | Odborná literatura | Available | - |
| LDR | 01322nam a2200397 a 4500 | ||
|---|---|---|---|
| 001 | 10640 | ||
| 003 | CZ-PrJAB | ||
| 005 | 20180619130826.0 | ||
| 007 | tu | ||
| 008 | 971007s1997 xr e f 000 0 cze | ||
| 015 | . | ‡acnb000275639 | |
| 020 | . | ‡a80-7216-022-2 ‡q(brož.) | |
| 035 | . | ‡a(CZ PrNK)cpk19970275639 | |
| 035 | . | ‡a(OCoLC)38454633 | |
| 040 | . | ‡aABA001 ‡bcze | |
| 072 | 7. | ‡a376 ‡xVýchova a vzdělávání zvláštních skupin osob ‡2Konspekt ‡922 | |
| 080 | . | ‡a316.344.6-056.263-053.2 ‡2MRF | |
| 080 | . | ‡a37.091.33:159.943 ‡2MRF | |
| 080 | . | ‡a159.922.72 ‡2MRF | |
| 080 | . | ‡a(035) ‡2MRF | |
| 100 | 1 | . | ‡aPůstová, Zuzana ‡4aut |
| 245 | 1 | 0. | ‡aPsychomotorický vývoj sluchově postižených dětí v předškolním věku / ‡cZuzana Půstová |
| 250 | . | ‡a1. vyd. | |
| 260 | . | ‡aPraha : ‡bSeptima, ‡c1997 | |
| 300 | . | ‡a32 s. ; ‡c21 cm | |
| 521 | . | ‡aMetodická příručka pro učitele | |
| 650 | 0 | 7. | ‡apsychomotorické hry ‡7ph124818 ‡2czenas |
| 650 | 0 | 7. | ‡aděti se sluchovým postižením ‡7ph116186 ‡2czenas |
| 650 | 0 | 7. | ‡avývoj dítěte ‡7ph127471 ‡2czenas |
| 650 | 0 | 9. | ‡aperceptual-motor training ‡2eczenas |
| 650 | 0 | 9. | ‡ahearing impaired children ‡2eczenas |
| 650 | 0 | 9. | ‡achild development ‡2eczenas |
| 655 | 7. | ‡apříručky ‡7fd133209 ‡2czenas | |
| 655 | 9. | ‡ahandbooks and manuals ‡2eczenas | |
| 910 | . | ‡aABG312 | |
| 901 | . | ‡a10640 ‡bUnknown ‡c10640 ‡tbiblio | |